000
00195 a2200097 4500
020
_a
9789500708500
041
_a
spa
100
_a
Graciela Montes
245
_a
Federico y su Hermanita
942
_c
K
999
_c
28823
_d
28823